[Event "Capablanca Memorial U15 2nd"]
[Site "Havana"]
[Date "2018.05.18"]
[Round "6"]
[White "Cruz Santos, Yaset Jose"]
[Black "Arce Mesa, Roxana Araiz"]
[Result "1/2-1/2"]
[WhiteElo "1755"]
[BlackElo "1879"]
[PlyCount "146"]
[EventDate "2018.05.14"]
[EventType "swiss"]
[EventRounds "7"]
[EventCountry "CUB"]
[SourceTitle "EXT 2021"]
[Source "ChessBase"]
[SourceDate "2020.10.23"]
[SourceVersion "1"]
[SourceVersionDate "2020.10.23"]
[SourceQuality "1"]

1. d4 e6 2. Nf3 b6 3. Nc3 Bb7 4. e4 Bb4 5. Bd3 Nf6 6. Qe2 h6 7. 0-0 d6 8. Rd1 Bxc3 9. bxc3 d5 10. exd5 Nxd5 11. Bd2 Qe7 12. c4 Nf6 13. Re1 Nc6 14. Rab1 Rd8 15. Bc3 Rd7 16. d5 exd5 17. Bxf6 gxf6 18. cxd5 Rxd5 19. Qxe7+ Nxe7 20. Be4 f5 21. Bxd5 Bxd5 22. Re5 Be6 23. Nd4 Ng6 24. Ree1 Kd7 25. Rbd1 Bxa2 26. Nxf5+ Kc8 27. Ne7+ Nxe7 28. Rxe7 Be6 29. f4 Rf8 30. f5 Bxf5 31. Rf1 Kd8 32. Re2 Bg6 33. Kf2 a5 34. g4 a4 35. Ra1 b5 36. c4 Bd3 37. Rd2 bxc4 38. Rxa4 Ke7 39. Ra6 f6 40. Rc6 Rc8 41. Ke3 Kf7 42. Kf4 Kg7 43. h4 Kg6 44. h5+ Kf7 45. Rd1 Re8 46. Rxc7+ Re7 47. Rxe7+ Kxe7 48. Ke3 Ke6 49. Ra1 f5 50. Ra6+ Kf7 51. gxf5 Bxf5 52. Rxh6 Kg7 53. Rc6 c3 54. Kf4 Bb1 55. Rxc3 Kh6 56. Rc5 Bd3 57. Kg4 Be2+ 58. Kh4 Bf3 59. Rb5 Be4 60. Rb6+ Kg7 61. Kg5 Bh7 62. h6+ Kf7 63. Rb7+ Kg8 64. Kf6 Bc2 65. h7+ Kh8 66. Rc7 Bxh7 67. Kg5 Bg8 68. Kg6 Ba2 69. Rc1 Bd5 70. Re1 Bc4 71. Re8+ Bg8 72. Kf6 Kh7 73. Re1 Bd5 1/2-1/2

[Event "Capablanca Memorial U15 2nd"]
[Site "Havana"]
[Date "2018.05.14"]
[Round "2"]
[White "Muniz Guevara, Amanda Maria"]
[Black "Cruz Santos, Yaset Jose"]
[Result "1/2-1/2"]
[WhiteElo "2026"]
[BlackElo "1755"]
[PlyCount "113"]
[EventDate "2018.05.14"]
[EventType "swiss"]
[EventRounds "7"]
[EventCountry "CUB"]
[SourceTitle "EXT 2021"]
[Source "ChessBase"]
[SourceDate "2020.10.23"]
[SourceVersion "1"]
[SourceVersionDate "2020.10.23"]
[SourceQuality "1"]

1. e4 c5 2. Nf3 d6 3. d4 cxd4 4. Qxd4 Nc6 5. Bb5 Bd7 6. Bxc6 bxc6 7. c4 e5 8. Qd3 Nf6 9. Nc3 Be7 10. 0-0 0-0 11. Rd1 h6 12. c5 Ne8 13. b3 Bg4 14. Ba3 Bxf3 15. Qxf3 Qa5 16. Na4 Rd8 17. Bb2 Nc7 18. Qg3 f6 19. cxd6 Rxd6 20. Rxd6 Bxd6 21. Qd3 Rd8 22. Qc4+ Kh7 23. Qxc6 Qd2 24. Qc4 Bc5 25. Nxc5 Qxb2 26. Rf1 Qd4 27. Qc2 Qd2 28. Qc4 Qd4 29. Qxd4 exd4 30. a4 Rd6 31. Rc1 Rc6 32. b4 Na6 33. Nd3 Rxc1+ 34. Nxc1 Nxb4 35. Kf1 Kg6 36. Ke2 Kf7 37. Nb3 d3+ 38. Kd2 f5 39. exf5 Kf6 40. Nc5 Kxf5 41. Nxd3 Nd5 42. f3 Ke6 43. g3 Nb6 44. Nb2 Kd5 45. Kc3 a5 46. h3 g5 47. h4 gxh4 48. gxh4 h5 49. Kb3 Kd4 50. f4 Ke4 51. Nc4 Nd5 52. Nxa5 Nb6 53. Nb7 Nxa4 54. Kxa4 Kxf4 55. Nc5 Kg4 56. Ne6 Kxh4 57. Ng7 1/2-1/2

[Event "Artemisa Inder Anivers"]
[Site "Artemisa"]
[Date "2018.02.24"]
[Round "9.2"]
[White "Cruz Santos, Yaset Jose"]
[Black "Yin Pujol, Ray Junior"]
[Result "1-0"]
[WhiteElo "1591"]
[BlackElo "1624"]
[PlyCount "81"]
[EventDate "2018.02.20"]
[EventType "team-tourn"]
[EventRounds "10"]
[EventCountry "CUB"]
[SourceTitle "EXT 2021"]
[Source "ChessBase"]
[SourceDate "2020.10.23"]
[SourceVersion "1"]
[SourceVersionDate "2020.10.23"]
[SourceQuality "1"]
[WhiteTeam "Mayabeque"]
[BlackTeam "Havana"]
[WhiteTeamCountry "CUB"]
[BlackTeamCountry "CUB"]

1. d4 d5 2. Nf3 Nf6 3. Bg5 h6 4. Bxf6 exf6 5. e3 Bg4 6. Nbd2 Bd6 7. Bd3 Nd7 8. h3 Bh5 9. c3 c6 10. Qc2 Bxf3 11. Nxf3 b5 12. 0-0 0-0 13. Nh4 Re8 14. Nf5 Qc7 15. Qe2 Bf8 16. Qg4 Kh8 17. Nxh6 Re4 18. Nxf7+ Kg8 19. Nh6+ Kh8 20. Bxe4 dxe4 21. Nf5 Nb6 22. Qxe4 Qd7 23. Nh4 Bd6 24. Qf3 Kg8 25. Qh5 Na4 26. Ng6 Rb8 27. Rab1 Nb6 28. f4 Qe6 29. Rf3 Qxa2 30. Rbf1 Qxb2 31. Rg3 Qxc3 32. Qh8+ Kf7 33. Qh7 Rg8 34. Ne5+ Kf8 35. Qg6 Qb3 36. Nxc6 a6 37. Qe4 Nc4 38. Ne5 Nb6 39. Qc6 Bxe5 40. fxe5 Nc4 41. exf6 1-0

[Event "Artemisa Inder Anivers"]
[Site "Artemisa"]
[Date "2018.02.22"]
[Round "5.2"]
[White "Cruz Santos, Yaset Jose"]
[Black "Casamayor Ferrer, Marcos"]
[Result "1-0"]
[WhiteElo "1591"]
[BlackElo "1609"]
[PlyCount "45"]
[EventDate "2018.02.20"]
[EventType "team-tourn"]
[EventRounds "10"]
[EventCountry "CUB"]
[SourceTitle "EXT 2021"]
[Source "ChessBase"]
[SourceDate "2020.10.23"]
[SourceVersion "1"]
[SourceVersionDate "2020.10.23"]
[SourceQuality "1"]
[WhiteTeam "Mayabeque"]
[BlackTeam "Artemisa"]
[WhiteTeamCountry "CUB"]
[BlackTeamCountry "CUB"]

1. e4 c5 2. Nf3 e6 3. d3 Nc6 4. g3 g6 5. Bg2 Bg7 6. c3 e5 7. 0-0 Nge7 8. Nbd2 d6 9. Re1 0-0 10. Nf1 Be6 11. Ne3 Qd7 12. Ng5 b5 13. Nxe6 fxe6 14. Bh3 h5 15. Qb3 Rf6 16. Ng2 d5 17. Bg5 Rf3 18. exd5 Nxd5 19. Ne3 Qd6 20. Bg2 Rff8 21. Nxd5 e4 22. Qxb5 Rab8 23. Qxc6 1-0

[Event "Artemisa Inder Anivers"]
[Site "Artemisa"]
[Date "2018.02.20"]
[Round "1.3"]
[White "Sanchez Ramirez, Hernan Anderson"]
[Black "Cruz Santos, Yaset Jose"]
[Result "0-1"]
[WhiteElo "1603"]
[BlackElo "1591"]
[PlyCount "54"]
[EventDate "2018.02.20"]
[EventType "team-tourn"]
[EventRounds "10"]
[EventCountry "CUB"]
[SourceTitle "EXT 2021"]
[Source "ChessBase"]
[SourceDate "2020.10.23"]
[SourceVersion "1"]
[SourceVersionDate "2020.10.23"]
[SourceQuality "1"]
[WhiteTeam "Isla de la Juventud"]
[BlackTeam "Mayabeque"]
[WhiteTeamCountry "CUB"]
[BlackTeamCountry "CUB"]

1. e4 c5 2. Nf3 d6 3. d4 cxd4 4. c3 dxc3 5. Nxc3 Nc6 6. Bc4 e6 7. Bf4 a6 8. 0-0 Be7 9. Qe2 e5 10. Bg3 Nf6 11. Rfd1 Bg4 12. Qe3 Bxf3 13. Qxf3 Nd4 14. Qd3 Nd7 15. f3 Nc5 16. Qd2 0-0 17. Nd5 b5 18. Bf1 Bh4 19. Qf2 Bxg3 20. Qxg3 Re8 21. Rac1 Re6 22. Qf2 Rg6 23. b4 Nce6 24. f4 Rh6 25. f5 Ng5 26. Bd3 Ndf3+ 27. Kf1 Rxh2 0-1